| 000 | 00678nam a22002057a 4500 | ||
|---|---|---|---|
| 999 |
_c162871 _d162871 |
||
| 005 | 20190325112655.0 | ||
| 010 | _aB-154827 | ||
| 020 |
_a8121911400 _c150.00 |
||
| 035 | _aB-154827 | ||
| 082 | _a621.3 | ||
| 100 | _aTheraja,B.L. | ||
| 245 |
_aA textbook of electrical technology / _cB.L. Theraja |
||
| 250 | _a23rd thoroughly rev. ed | ||
| 260 |
_aNew Delhi _bS.Chand _c2004(repr.) |
||
| 270 |
_a7361, Ram Nagar, _bNew Delhi _e110055 _k23672080-81 |
||
| 300 |
_aV.3(viii,1457-1824p.) : _bill. _c24cm(Hb) |
||
| 505 | _av.3-Transmission, distribution and utilization in S.I. system of units | ||
| 942 |
_2ddc _cEN _h621.3 _mTHE |
||